| 000 | 00706nam a22001695i 4500 | ||
|---|---|---|---|
| 001 | 158743 | ||
| 003 | ES-MaACL | ||
| 005 | 20250930063138.0 | ||
| 008 | 990317s1878 sp |||| | spa d | ||
| 040 |
_aAN _bspa _cAN |
||
| 100 | 1 |
_aMariani y Larrión, Juan Manuel, _d1853-1909 _976681 |
|
| 245 | 1 | 0 |
_aBreves consideraciones sobre el fito-parasitismo en el estado actual de la ciencia _b: memoria del doctorado presentada y leída / _cpor Juan Manuel Mariani. |
| 260 |
_aMadrid : _b[s.n.], _c1878 ( _fTip. estereotipia Perojo) |
||
| 300 |
_a33 p. ; _c23 cm. |
||
| 852 |
_aES-MaACL _jT-1046-F-11 _z-- Enc. hol. conservando la cub. original _z-- Enc. en un vol. facticio |
||
| 999 |
_c158743 _d158743 |
||